| 000 | 00461nam a2200181Ia 4500 | ||
|---|---|---|---|
| 003 | GCL | ||
| 008 | 140319s9999 xx 000 0 eng d | ||
| 040 |
_aGCL / _cGCL |
||
| 082 | 0 | 4 |
_a952 _bF J |
| 100 | 1 | _aFUJIOKA, MICHIO | |
| 245 | 1 | 0 |
_aJAPANESE CASTLES / _cFUJIOKA, MICHIO |
| 700 | 1 | _aBRENTNALL, JOHN (TRANSLATED) | |
| 260 |
_a[S.N] : _bHOIKUSHA ، _c1993 |
||
| 300 | _a124 P | ||
| 650 | 0 | 4 | _aJAPAN - HISTORY |
| 650 | 0 | 4 | _aCASTLES, JAPAN |
| 942 |
_2ddc _cBK |
||
| 999 |
_c19669 _d19669 |
||